Les français ayant joués au Barça - Statistiques

Statistiques générales
  • Ce quiz a été pris 1 434 fois
  • Le résultat moyen est 9 sur 19
Statistiques - réponses
Années Poste Joueur % Correct
2017- Attaquant Dembelé
92%
2019- Attaquant Griezmann
89%
2016- Défenseur Umtiti
89%
2018- Défenseur Lenglet
81%
2007-2010 Attaquant Henry
78%
2007-2013 Défenseur Abidal
64%
2014-2017 Défenseur Mathieu
63%
2016-2018 Défenseur Digne
57%
2004-2007 Attaquant Giuly
42%
2000-2001 Milieu de terrain/Défenseur Petit
38%
2019- Défenseur Todibo
38%
1996-1997 Défenseur Blanc
37%
2006-2008 Défenseur Thuram
35%
1996-1997 Milieu de terrain Dugarry
31%
2001-2003 Défenseur Christanval
12%
2000-2002 Gardien de but Dutruel
11%
1999-2000 Défenseur Déhu
10%
1965-1968 Milieu de terrain Muller
4%
2005-2006 Milieu de terrain Sylvestre
3%
Aucun quiz correspondant
Distribution des résultats
% des personnes avec chaque résultat
Percentile par nombre de réponses
Votre historique - résultats
Vous n’avez pas pris ce quiz